| 000 | 01199cam a22003134a 4500 | ||
|---|---|---|---|
| 001 | 12011929 | ||
| 005 | 20200421093816.0 | ||
| 008 | 000518s2000 ch a b 001 0 eng | ||
| 010 | _a 00041664 | ||
| 020 | _a1565924193 | ||
| 040 |
_aDLC _cDLC _dDLC |
||
| 042 | _apcc | ||
| 050 | 0 | 0 |
_aQA76.73.P22 _bG84 2000 |
| 082 | 0 | 0 |
_a005.2/762 _221 |
| 100 | 1 |
_aGuelich, Scott. _96 |
|
| 245 | 1 | 0 |
_aCGI programming with Perl / _cScott Guelich, Shishir Gundavaram and Gunther Birznieks. |
| 250 | _a2nd ed. | ||
| 260 |
_aBeijing ; _aCambridge, Mass. : _bO'Reilly, _c2000. |
||
| 300 |
_axv, 451 p. _bill. _c24 cm. |
||
| 504 | _aIncludes bibliographical references (p. 403-406) and index. | ||
| 650 | 0 |
_aPerl (Computer program language) _919 |
|
| 650 | 0 |
_aCGI (Computer network protocol) _921 |
|
| 650 | 0 |
_aInternet programming. _95 |
|
| 700 | 1 |
_aBirznieks, Gunther. _922 |
|
| 856 | 4 | 2 |
_3Publisher description _uhttp://www.loc.gov/catdir/enhancements/fy0715/00041664-d.html |
| 906 |
_a7 _bcbc _corignew _d1 _eocip _f20 _gy-gencatlg |
||
| 942 |
_2ddc _cBK |
||
| 999 |
_c11 _d11 |
||